000 00564nam a22001817a 4500
999 _c180026
_d180026
005 20210722102303.0
010 _aENG-129606
020 _a978-81-927999-1-9
_c1450.00
035 _aEN-113138
037 _bDBAD/PUB
082 _a599.9
100 _aReddy, V Rami
245 _aCurrent Trends in Human Genetics and Physical Anthropology/
_cby V. Rami Reddy
260 _aTirupati
_bV.Indira
_c2018
270 _a8-30,Vidyanagar,
_bSvunt colony, Tirupati
_e517502
300 _a307p.
_c26cm(pbk)
_bBibliography
942 _2ddc
_cEN
_h599.9
_mRED